| 000 | 00574nam a2200229Ia 4500 | ||
|---|---|---|---|
| 003 | OSt | ||
| 005 | 20220928123917.0 | ||
| 006 | a|||||r|||| 00| 0 | ||
| 007 | ta | ||
| 008 | 220927b |||||||| |||| 00| 0 eng d | ||
| 024 | _a50750 | ||
| 037 | _cTextual | ||
| 040 |
_aSDCL _cSDCL _beng |
||
| 041 |
_2eng _aeng |
||
| 082 | _aR3xK46, M4 | ||
| 100 |
_aBrown Stuart _9444082 |
||
| 245 | 0 | _aLeibniz. | |
| 260 |
_aSussex _bThe Harvester Press _c1984 |
||
| 300 |
_axv,215p _ccm. |
||
| 942 |
_hR3xK46, M4 _cTEXL _2CC |
||
| 999 |
_c775164 _d775164 |
||